Multicultural special education : (Record no. 11085)

MARC details
000 -LEADER
fixed length control field 00729nam a22002172 4500
001 - CONTROL NUMBER
control field 0000012782
005 - DATE AND TIME OF LATEST TRANSACTION
control field 20151217154415.0
008 - FIXED-LENGTH DATA ELEMENTS--GENERAL INFORMATION
fixed length control field 090319s xx 000 0 eng d
020 ## - INTERNATIONAL STANDARD BOOK NUMBER
International Standard Book Number 0131178121 :
040 ## - CATALOGING SOURCE
Original cataloging agency KABU
Transcribing agency KABU
100 1# - MAIN ENTRY--PERSONAL NAME
Personal name Obiakor, Festus E.
-- 0000169700
245 10 - TITLE STATEMENT
Title Multicultural special education :
Remainder of title culturally responsive teaching /
Statement of responsibility, etc. Festus E. Obiakor.
250 ## - EDITION STATEMENT
Edition statement 1st ed.
260 ## - PUBLICATION, DISTRIBUTION, ETC. (IMPRINT)
Place of publication, distribution, etc. Upper Saddle River, NJ. :
Name of publisher, distributor, etc. Prentice Hall,
Date of publication, distribution, etc. 2007.
300 ## - PHYSICAL DESCRIPTION
Extent xxiv, 311 p.
650 #0 - SUBJECT ADDED ENTRY--TOPICAL TERM
Topical term or geographic name as entry element Special education
Geographic subdivision United States.
-- 0000153730
650 #0 - SUBJECT ADDED ENTRY--TOPICAL TERM
Topical term or geographic name as entry element Multicultural education
Geographic subdivision United States.
-- 0000169701
852 1# - LOCATION
-- p2250 KES
908 ## - PUT COMMAND PARAMETER (RLIN)
Put command parameter 090319
950 ## - LOCAL HOLDINGS (RLIN)
-- 1
Holdings
Withdrawn status Lost status Source of classification or shelving scheme Not for loan Home library Current library Date acquired Total Checkouts Full call number Barcode Date last seen Price effective from Koha item type
    Library of Congress Classification   Kabarak, Main Campus Kabarak, Main Campus 17/12/2015   LC3981 .O25 2007 c. 1 17257 17/12/2015 17/12/2015 General Collection
Designed with assistance from East African Informatics Ltd